000 00511cam a2200145 4500
040 _cWaS
082 0 4 _a613 HEA 1997 C153 Or.
110 1 _aHomestead Welfare Club (Homestead, Iowa).
245 1 2 _aA collection of traditional Amana recipes;
_bfamily-size recipes of the foods prepared and served in the Amana villages for over a century.
300 _a120 pages :
_billustrations ;
_c23 cm.
500 _aCover title: Amana recipes.
650 0 _aCooking, German
650 0 _aCooking, American
942 _cAEDBB
999 _c19261
_d19261